Statistics for Count Multiples of 14 - One Minute Sprint

Click here to take the quiz!

General Stats

  • This quiz has been taken 32 times
  • The average score is 27 of 50

Answer Stats

*14% Correct
112
100%
126
100%
14
100%
140
100%
28
100%
42
100%
56
100%
70
100%
84
100%
98
100%
154
94%
168
94%
182
88%
196
88%
210
82%
224
82%
238
82%
252
76%
266
71%
280
71%
294
71%
308
71%
322
71%
336
65%
350
65%
364
65%
378
65%
392
65%
406
47%
420
47%
434
41%
448
41%
462
35%
476
24%
490
24%
504
18%
518
12%
532
12%
546
12%
560
6%
574
6%
588
6%
602
6%
616
6%
630
6%
644
6%
658
6%
672
6%
686
0%
700
0%

Score Distribution

Percentile by Number Answered

Percent of People with Each Score

Your Score History

You have not taken this quiz